La Libertad: condición de los derechos humanos /
La libertad es la base genuina para un completo desarrollo de los derechos humanos. Tenemos que distinguir entre libertad como una facultad del hombre y libertad, como la realización existencial de él mismo. Si damos demaciada importancia a la libertad, podemos elegir una concepción teórica y correm...
Spremljeno u:
| Glavni autor: | |
|---|---|
| Format: | Tekst |
| Teme: | |
| Oznake: |
Dodaj oznaku
Bez oznaka, Budi prvi tko označuje ovaj zapis!
|
MARC
| LEADER | 00000 a a2200000 04500 | ||
|---|---|---|---|
| 001 | 3881 | ||
| 003 | |||
| 040 | |||
| 100 | |a Parent Jacquemin, Juan María | ||
| 245 | |a La Libertad: |b condición de los derechos humanos / |c Juan María Parent Jacquemin | ||
| 520 | |a La libertad es la base genuina para un completo desarrollo de los derechos humanos. Tenemos que distinguir entre libertad como una facultad del hombre y libertad, como la realización existencial de él mismo. Si damos demaciada importancia a la libertad, podemos elegir una concepción teórica y corremos el riesgo de caer en hipocresías. Si limitamos nuestra elección a la libertad, nos olvidamos de que el hombre es más que sus propias decisiones y perdemos el ideal implícito de los derechos humanos. DOC/WMV | ||
| 650 | |a DERECHOS HUMANOS | ||
| 650 | |a LIBERTAD | ||
| 650 | |a PAPELES SOCIALES | ||
| 650 | |a CONDICIONES DE VIDA | ||
| 773 | |g volumen 7, número 22; páginas 143-158 | ||
| 999 | |c 26553 |d 26553 | ||
